Biblioteka Instytutu Północnego w Olsztynie

Widok standardowy Widok MARC

Pozycja Personal Name

Liczba rekordów, w których użyto hasła: 1

001 - Numer kontrolny

  • control field: 39650

003 - Identyfikator numeru kontrolnego

  • control field: NUKAT

005 - Data i czas ostatniej modyfikacji

  • control field: 20260408130346.0

008 - Dane kontrolne kodowane (40 znaków)

  • fixed length control field: 190719n||a|znnaabn |a aaa |c

010 ## - Numer kontrolny Biblioteki Kongresu

  • numer kontrolny LC: n 2019213556

024 7# - OTHER STANDARD IDENTIFIER

  • Standard number or code: 14156617070428591559
  • Source of number or code: viaf

040 ## - Instytucja sporządzająca rekord

  • inst. przygot. dane do rek. khw: GD U/MR
  • język haseł przedmiotowych/tezaurus: kaba
  • inst. wprow. rek. khw: GD U/MR
  • inst. modyf. rek. khw: KAT U/MP

043 ## - Kod obszaru geograficznego

  • ISO code: PL

046 ## - Special dates

  • Birth date: 1988

100 1# - Hasło - nazwa osobowa

  • nazwa osobowa w formie ujednoliconej: Kubicki, Mateusz
  • daty biograficzne: (1988- ).

670 ## - Źródło informacji

  • źródło informacji: Kp. Japońska połączona flota w I bitwie pod Guadalcanal 12-13 listopada 1942 roku / Mateusz Kubicki // Gdańskie Studia Azji Wschodniej. - Z. 14 (2018), strony 141-150.
  • gdzie znaleziono informację: (Instytut Pamięci Narodowej, Oddział Gdańsk)

670 ## - Źródło informacji

  • źródło informacji: BNPol online

670 ## - Źródło informacji

  • źródło informacji: Linked in, 22.07.19
  • adres internetowy: https://pl.linkedin.com/in/mateusz-kubicki-a8a090ab

670 ## - Źródło informacji

  • źródło informacji: IPN w Gdańsku, 22.07.19
  • adres internetowy: https://ipn.gov.pl/pl/kontakt/oddzialy-ipn/oddzial-ipn-w-gdansku
Biblioteka Instytutu Północnego, ul. Partyzantów 87, 10-402 Olsztyn, email: biblioteka(at)ip.olsztyn.pl